Talent Management : Strategies for Success from Six Leading Companies /

Finding the right approach to talent management often leads companies to choose inaction. Talent Management is a book designed to provide organizations with real world information that will help them take action toward solid, results-driven solutions.

Bibliographic Details
Main Author: Israelite, Larry (Author)
Corporate Author: Safari, an O'Reilly Media Company
Format: eBook
Language:English
Published: Association for Talent Development, 2010.
Edition:1st edition.
Subjects:
Online Access:Connect to this electronic resource

MARC

Tag First Indicator Second Indicator Subfields
LEADER 00000uam a2200000 a 4500
001 in00004265717
005 20260128205710.9
006 m o d
007 cr cn
008 060613s2010 xx o eng
020 |z 9781562866778 
035 |a (CaSebORM)9781562866778 
040 |d UtOrBLW 
041 0 |a eng 
100 1 |a Israelite, Larry,  |e author.  |0 http://id.loc.gov/authorities/names/n2007031710 
245 1 0 |a Talent Management :  |b Strategies for Success from Six Leading Companies /  |c Israelite, Larry. 
250 |a 1st edition. 
264 1 |b Association for Talent Development,  |c 2010. 
300 |a 1 online resource (224 pages) 
336 |a text  |b txt  |2 rdacontent 
337 |a computer  |b c  |2 rdamedia 
338 |a online resource  |b cr  |2 rdacarrier 
347 |a text file 
520 |a Finding the right approach to talent management often leads companies to choose inaction. Talent Management is a book designed to provide organizations with real world information that will help them take action toward solid, results-driven solutions. 
533 |a Electronic reproduction.  |b Boston, MA :  |c Safari,  |n Available via World Wide Web.  |d 2010. 
538 |a Mode of access: World Wide Web. 
542 |f Copyright © Association for Talent Development  |g 2010 
588 |a Online resource; Title from title page (viewed January 1, 2010) 
500 |a Electronic resource. 
655 7 |a Electronic books.  |2 local 
710 2 |a Safari, an O'Reilly Media Company. 
856 4 0 |u https://proxy.library.tamu.edu/login?url=https://go.oreilly.com/TAMU/library/view/-/9781562866778/?ar  |z Connect to this electronic resource  |t 0 
999 f f |s c02718d4-9039-3ed6-92fc-474aae346a34  |i cc4d6efd-6cd9-3ff8-a938-b4b3f8565140  |t 0 
952 f f |a Texas A&M University  |b College Station  |c Electronic Resources  |s www_evans  |d Available Online  |t 0  |h No information provided 
998 f f |t 0  |l Available Online